| 000 | 00829nam a2200229 a 4500 | ||
|---|---|---|---|
| 001 | 49332 | ||
| 003 | BD-RjUL | ||
| 005 | 20211209054651.0 | ||
| 008 | 160820s2003 bg ||||| |||| 00| p ben d | ||
| 020 |
_a9845691102 _c: Tk. 100.00 |
||
| 035 | _a(BD-RjUL) 49451 | ||
| 040 |
_aBD-RjUL _bben _cBD-RjUL |
||
| 041 | _aben | ||
| 082 |
_223 _a891.441 _bAHP 2003 |
||
| 100 | 1 |
_aআহমেদ, এ. এইচ. মঈনউদ্দীন _9147937 |
|
| 245 | 1 | 0 |
_aপ্রপঞ্চময় প্রলোক-৩ / _cএ. এইচ. মঈনউদ্দীন আহমেদ |
| 260 |
_aঢাকা : _bআজকাল প্রকাশনী, _c২০০৩ |
||
| 300 |
_a৮০ পৃ. ; _c২১ সেমি. |
||
| 650 |
_aবাংলা কবিতা _9147938 |
||
| 650 |
_aBengali Poetry _9147939 |
||
| 942 |
_2ddc _cBK |
||
| 999 |
_c49332 _d49332 |
||